[Event "ESP-ch Seniora 50"]
[Site "Altea"]
[Date "2022.10.30"]
[Round "2"]
[White "Ruiz Bellon, Manuel"]
[Black "Terron Elena, Francisco Miguel"]
[Result "0-1"]
[WhiteElo "1968"]
[BlackElo "2208"]
[PlyCount "81"]
[EventDate "2022.10.29"]
[EventType "swiss"]
[EventRounds "9"]
[EventCountry "ESP"]
[SourceTitle "EXT 2024"]
[Source "ChessBase"]
[SourceDate "2023.10.10"]
[SourceVersion "1"]
[SourceVersionDate "2023.10.10"]
[SourceQuality "1"]
[WhiteTeam "Spain"]
[BlackTeam "Spain"]
[WhiteTeamCountry "ESP"]
[BlackTeamCountry "ESP"]

1. Nf3 d6 2. g3 e5 3. d3 g6 4. Bg2 Bg7 5. c4 Nf6 6. Nc3 0-0 7. 0-0 c6 8. Bg5 h6 9. Bd2 Nbd7 10. Qc2 a6 11. d4 Re8 12. e4 b5 13. Rad1 Bb7 14. dxe5 dxe5 15. c5 Nxc5 16. Bxh6 Qc7 17. Bxg7 Kxg7 18. b4 Ne6 19. Nd2 Nd4 20. Qb2 c5 21. bxc5 Qxc5 22. Rfe1 Rac8 23. Rc1 b4 24. Nf1 bxc3 25. Qxb7 Rb8 26. Qxa6 Rb2 27. Ne3 Rc8 28. Nd1 Rc2 29. Ne3 Rc6 30. Qd3 Rd2 31. Qf1 Rxa2 32. Kh1 c2 33. Qd3 Qc3 34. Bf1 Ra3 35. Qxc3 Raxc3 36. Nd5 Nxd5 37. exd5 Rb6 38. d6 Rxd6 39. Re3 Rdc6 40. Bd3 Rb6 41. Rxc2 0-1

[Event "ESP-ch Seniors 50"]
[Site "Altea"]
[Date "2021.11.02"]
[Round "4"]
[White "Ruiz Bellon, Manuel"]
[Black "Pastor Pons, Pedro Maria"]
[Result "1-0"]
[WhiteElo "1973"]
[BlackElo "2101"]
[PlyCount "75"]
[EventDate "2021.10.31"]
[EventType "swiss"]
[EventRounds "9"]
[EventCountry "ESP"]
[SourceTitle "CBM 205 Extra"]
[Source "ChessBase"]
[SourceDate "2022.01.31"]
[SourceVersion "1"]
[SourceVersionDate "2022.01.31"]
[SourceQuality "1"]

1. Nf3 d5 2. g3 Nc6 3. Bg2 e5 4. d3 Nf6 5. 0-0 h6 6. c4 dxc4 7. Qa4 Bd6 8. dxc4 0-0 9. Rd1 Qe7 10. Nc3 e4 11. Ne1 Bc5 12. Nd5 Nxd5 13. cxd5 e3 14. f4 Nb4 15. a3 Bd7 16. Qb3 Na6 17. Qxb7 Qd6 18. Qb3 Rab8 19. Qc2 Qf6 20. Rb1 Rfe8 21. b4 Bf5 22. Nd3 Bd4 23. Bb2 Nxb4 24. axb4 Rxb4 25. Bxd4 Rxd4 26. Rbc1 g5 27. Qc6 Qd8 28. Ne5 Rd2 29. Re1 f6 30. Nf3 Rxd5 31. Nxg5 Rd6 32. Qc4+ Be6 33. Nxe6 Rexe6 34. Qxc7 Re7 35. Qxd8+ Rxd8 36. Red1 Rd2 37. Bf3 Ra2 38. Bd5+ 1-0

[Event "ESP-ch 84th"]
[Site "Marbella"]
[Date "2019.11.18"]
[Round "3"]
[White "Ruiz Bellon, Manuel"]
[Black "Zurano Lopez, Pedro"]
[Result "0-1"]
[WhiteElo "1994"]
[BlackElo "2292"]
[PlyCount "72"]
[EventDate "2019.11.16"]
[EventType "swiss"]
[EventRounds "9"]
[EventCountry "ESP"]
[SourceTitle "CBM 193 Extra"]
[Source "ChessBase"]
[SourceDate "2020.01.31"]
[SourceVersion "1"]
[SourceVersionDate "2020.01.31"]
[SourceQuality "1"]

1. e4 c6 2. d4 d5 3. Nd2 g6 4. Ngf3 Bg7 5. c3 dxe4 6. Nxe4 Nd7 7. Bc4 Ngf6 8. Bxf7+ Kxf7 9. Neg5+ Kg8 10. Ne6 Qa5 11. Qe2 Nd5 12. Nxg7 Kxg7 13. 0-0 b5 14. Bd2 Qc7 15. b3 Re8 16. Rfe1 Nf8 17. Ne5 Be6 18. c4 bxc4 19. bxc4 Nf6 20. h3 Rad8 21. Bc3 Kg8 22. Qf3 Rc8 23. Rac1 N6d7 24. Nxc6 Qxc6 25. d5 Qa8 26. Qe3 Bf7 27. Qh6 Nf6 28. Bb2 N8d7 29. g4 Bxd5 30. cxd5 Rxc1 31. Rxc1 Qxd5 32. Re1 Qxa2 33. Re2 Qf7 34. Re3 Rb8 35. Ba3 Rb1+ 36. Kh2 Nd5 0-1

[Event "ESP-ch 84th"]
[Site "Marbella"]
[Date "2019.11.16"]
[Round "1"]
[White "Ruiz Bellon, Manuel"]
[Black "Asis Gargatagli, Hipolito"]
[Result "0-1"]
[WhiteElo "1994"]
[BlackElo "2497"]
[PlyCount "66"]
[EventDate "2019.11.16"]
[EventType "swiss"]
[EventRounds "9"]
[EventCountry "ESP"]
[SourceTitle "CBM 193 Extra"]
[Source "ChessBase"]
[SourceDate "2020.01.31"]
[SourceVersion "1"]
[SourceVersionDate "2020.01.31"]
[SourceQuality "1"]

1. Nf3 g6 2. g3 Bg7 3. Bg2 Nf6 4. d4 0-0 5. 0-0 d6 6. a4 a5 7. Re1 d5 8. c4 Nc6 9. cxd5 Nxd5 10. e4 Nb6 11. d5 Nb4 12. Nc3 c6 13. Be3 Nc4 14. Qb3 Nxe3 15. Rxe3 cxd5 16. Nxd5 Nxd5 17. exd5 Ra6 18. Rae1 Rb6 19. Qc4 e6 20. Ne5 Rxb2 21. d6 Qxd6 22. Nxf7 Kxf7 23. Rxe6 Bxe6 24. Rxe6 Qxe6 25. Bd5 Re8 26. Qc7+ Kf8 27. Bxe6 Rxe6 28. Qc8+ Re8 29. Qc5+ Kg8 30. Qxa5 Rf8 31. Qd5+ Kh8 32. Kg2 Rfxf2+ 33. Kh3 h5 0-1

[Event "San Sebastian Gros op 29th"]
[Site "San Sebastian"]
[Date "2019.06.23"]
[Round "4"]
[White "Ruiz Bellon, Manuel"]
[Black "Forgas Moreno, Yaniela"]
[Result "0-1"]
[WhiteElo "1997"]
[BlackElo "2272"]
[PlyCount "100"]
[EventDate "2019.06.21"]
[EventType "swiss"]
[EventRounds "9"]
[EventCountry "ESP"]
[SourceTitle "EXT 2020"]
[Source "ChessBase"]
[SourceDate "2019.10.17"]
[SourceVersion "1"]
[SourceVersionDate "2019.10.17"]
[SourceQuality "1"]

1. Nf3 d6 2. d4 f5 3. Bf4 Nf6 4. e3 g6 5. h3 Bg7 6. Bc4 e6 7. g4 Ne4 8. gxf5 exf5 9. Nbd2 Nc6 10. c3 Qe7 11. Qc2 Nxd2 12. Kxd2 Bd7 13. h4 0-0-0 14. Rag1 Be6 15. Bxe6+ Qxe6 16. Qb3 d5 17. Qc2 Bf6 18. h5 Rdg8 19. hxg6 hxg6 20. Rxh8 Bxh8 21. Ng5 Qd7 22. c4 Bf6 23. Nf3 Qe6 24. c5 Qe4 25. Qxe4 dxe4 26. Bg5 Bxg5 27. Nxg5 Nb4 28. f3 exf3 29. Nxf3 Nd5 30. Nh4 Ne7 31. Nf3 Kd7 32. Ng5 Rh8 33. Nf3 Ke6 34. Rg2 Kf6 35. Ne5 Rh5 36. b4 g5 37. a4 Nd5 38. b5 Rh3 39. Nc4 g4 40. a5 g3 41. Ke2 Nc3+ 42. Kf3 Ne4 43. b6 cxb6 44. axb6 axb6 45. Nxb6 Rh1 46. Nc4 Rf1+ 47. Ke2 Rc1 48. Nd6 Nxd6 49. cxd6 Rc2+ 50. Kf3 Rxg2 0-1

[Event "Madrid Chamartin op 7th"]
[Site "Madrid"]
[Date "2018.09.08"]
[Round "8"]
[White "Arroyo Fernandez, Francisco J"]
[Black "Ruiz Bellon, Manuel"]
[Result "0-1"]
[WhiteElo "1794"]
[BlackElo "1922"]
[PlyCount "78"]
[EventDate "2018.09.03"]
[EventType "swiss"]
[EventRounds "9"]
[EventCountry "ESP"]
[SourceTitle "CBM 187 Extra"]
[Source "ChessBase"]
[SourceDate "2018.11.04"]
[SourceVersion "1"]
[SourceVersionDate "2018.11.04"]
[SourceQuality "1"]

1. d4 Nf6 2. Nf3 e6 3. Bf4 b6 4. e3 Bb7 5. c4 c5 6. Nc3 cxd4 7. exd4 Bb4 8. Be2 0-0 9. 0-0 d5 10. a3 Be7 11. Qc2 dxc4 12. Bxc4 Bxf3 13. gxf3 Qxd4 14. Ne2 Qc5 15. b4 Qh5 16. Qb3 Nbd7 17. Ng3 Qh4 18. Be3 Ne5 19. Be2 Nd5 20. Nf5 Qh3 21. Nxe7+ Nxe7 22. Bf4 N7g6 23. Bg3 Nh4 24. Bxh4 Qxh4 25. Qe3 Ng6 26. Kh1 Rfd8 27. Rad1 Qf4 28. Rxd8+ Rxd8 29. Rd1 Rxd1+ 30. Bxd1 Qd6 31. Bc2 Nf4 32. Qe4 g6 33. Qe3 Qc7 34. Qd2 Qe5 35. Qd1 Kg7 36. Qc1 Kf6 37. Be4 Qg5 38. Qf1 Nd5 39. Qd3 Qc1+ 0-1

[Event "Madrid Chamartin op 7th"]
[Site "Madrid"]
[Date "2018.09.06"]
[Round "5"]
[White "Ruiz Bellon, Manuel"]
[Black "Martinez Pintor, Juan"]
[Result "1-0"]
[WhiteElo "1922"]
[BlackElo "1627"]
[PlyCount "67"]
[EventDate "2018.09.03"]
[EventType "swiss"]
[EventRounds "9"]
[EventCountry "ESP"]
[SourceTitle "CBM 187 Extra"]
[Source "ChessBase"]
[SourceDate "2018.11.04"]
[SourceVersion "1"]
[SourceVersionDate "2018.11.04"]
[SourceQuality "1"]

1. Nf3 d5 2. g3 Nf6 3. Bg2 c6 4. c4 Bf5 5. 0-0 e6 6. cxd5 exd5 7. d3 Be7 8. Nc3 0-0 9. Qb3 Qc8 10. Re1 Nbd7 11. e4 Nc5 12. Qc2 dxe4 13. dxe4 Bg6 14. Ne5 Ng4 15. Nxg6 fxg6 16. f3 Ne5 17. Rf1 Ne6 18. Be3 Bc5 19. Bxc5 Nxc5 20. Rad1 Qe6 21. Ne2 Qc4 22. Qxc4+ Nxc4 23. Rc1 b5 24. b3 Nd3 25. bxc4 Nxc1 26. Rxc1 b4 27. Nd4 c5 28. Ne6 Rfc8 29. f4 Rab8 30. e5 h6 31. Rd1 Rb6 32. Bd5 Kh8 33. g4 Re8 34. Nxc5 1-0

[Event "Madrid Chamartin op 7th"]
[Site "Madrid"]
[Date "2018.09.05"]
[Round "4"]
[White "Martin Duque, Jesus"]
[Black "Ruiz Bellon, Manuel"]
[Result "1-0"]
[WhiteElo "2354"]
[BlackElo "1922"]
[PlyCount "90"]
[EventDate "2018.09.03"]
[EventType "swiss"]
[EventRounds "9"]
[EventCountry "ESP"]
[SourceTitle "CBM 187 Extra"]
[Source "ChessBase"]
[SourceDate "2018.11.04"]
[SourceVersion "1"]
[SourceVersionDate "2018.11.04"]
[SourceQuality "1"]

1. e4 e6 2. d4 d5 3. e5 c5 4. c3 Nc6 5. Nf3 Nh6 6. a3 f6 7. exf6 Qxf6 8. Bg5 Qf7 9. Bb5 Bd7 10. Nbd2 cxd4 11. cxd4 Bd6 12. Nf1 0-0 13. Bxh6 gxh6 14. Qd2 Qg7 15. Bxc6 Bxc6 16. Ne3 Rac8 17. Rc1 Kh8 18. Rc3 Bf4 19. 0-0 Bb8 20. Qd1 Rf4 21. g3 Rcf8 22. Ng2 R4f6 23. Re1 Qg4 24. Ngh4 a5 25. Qe2 a4 26. Re3 Bd7 27. Ne5 Qxe2 28. R1xe2 Bb5 29. Rd2 Rc8 30. Re1 Bxe5 31. dxe5 Rf7 32. f4 Rfc7 33. f5 Bd7 34. Nf3 Rc1 35. f6 Rxe1+ 36. Nxe1 Rc4 37. Nf3 Kg8 38. Nd4 Kf7 39. Kf2 b5 40. Ke3 b4 41. Rc2 bxa3 42. bxa3 Rxc2 43. Nxc2 Kg6 44. Nd4 h5 45. h4 Kf7 1-0

[Event "Madrid Chamartin op 6th"]
[Site "Madrid"]
[Date "2017.09.05"]
[Round "2"]
[White "Ruiz Bellon, Manuel"]
[Black "Rottenwohrer Suarez, Juan"]
[Result "0-1"]
[WhiteElo "1916"]
[BlackElo "2180"]
[PlyCount "68"]
[EventDate "2017.09.04"]
[EventType "swiss"]
[EventRounds "9"]
[EventCountry "ESP"]
[SourceTitle "CBM 180 Extra"]
[Source "ChessBase"]
[SourceDate "2017.10.06"]
[SourceVersion "1"]
[SourceVersionDate "2017.10.06"]
[SourceQuality "1"]

1. Nf3 Nf6 2. g3 g6 3. Bg2 Bg7 4. d4 0-0 5. a4 d6 6. a5 a6 7. 0-0 Nc6 8. d5 Nb8 9. c4 e5 10. Nc3 Nbd7 11. Qc2 h6 12. b4 Nh5 13. e4 f5 14. Nh4 Qf6 15. exf5 gxf5 16. Bh3 e4 17. Qe2 Qxc3 18. Ra3 Qf6 19. Qxh5 Ne5 20. Bb2 Qg5 21. Qe2 Bd7 22. f4 exf3 23. Nxf3 Qh5 24. Bxe5 dxe5 25. Qg2 Rae8 26. Nh4 e4 27. Ra2 Re7 28. Qe2 Qg5 29. Ng2 Ref7 30. Nf4 Be5 31. Bg2 Re7 32. Kh1 Rh7 33. Nd3 Bd4 34. Nc5 Bc8 0-1